Statistics for New Zealand Rugby All Blacks - The No8s

Click here to take the quiz!

General Stats

  • This quiz has been taken 104 times
  • The average score is 5 of 7

Answer Stats

Starts at 8 Years Player % Correct
1182008-2019Kieran Read
94%
551987-1997Zinzan Brooke
91%
221986-1990Wayne Shelford
74%
482002-2009Rodney So'oialo
65%
341979-1985Murray Mexted
47%
241964-1970Brian Lochore
40%
221997-2002Taine Randell
39%

Score Distribution

Percentile by Number Answered

Percent of People with Each Score

Your Score History

You have not taken this quiz